Loading...
Science - Other Science | 3 | 1 | 1 | 0 | 50 | 31 | 45.75 | 2 | 4 |
Science - Physics | 1 | 3 | 3 | 1 | 30 | 42 | 95.00 | 1 | 4 |
Social Science | 0 | 3 | 1 | 1 | 25 | 85 | 98.33 | 0 | 2 |
Science - Chemistry | 0 | 3 | 2 | 0 | 20 | 75 | 88.00 | 2 | 3 |
Philosophy | 0 | 2 | 1 | 0 | 15 | 82 | 100.00 | 0 | 2 |
Literature - European Literature | 1 | 0 | 0 | 0 | 15 | 46 | 46.00 | 1 | 1 |
Science - Biology | 0 | 1 | 0 | 0 | 10 | 110 | 110.00 | 0 | 0 |
Visual Arts | 0 | 1 | 0 | 1 | 10 | 130 | 130.00 | 0 | 0 |
Current Events | 0 | 1 | 0 | 1 | 10 | 139 | 139.00 | 0 | 1 |
Literature - British Literature | 0 | 1 | 0 | 0 | 10 | 90 | 90.00 | 0 | 1 |
Literature - World Literature | 0 | 1 | 0 | 1 | 10 | 143 | 143.00 | 0 | 0 |
History - American History | 0 | 1 | 1 | 0 | 5 | 88 | 88.00 | 0 | 1 |
Other Academic | 0 | 0 | 1 | 0 | -5 | 0.00 | 0 | 0 | |
Literature - American Literature | 0 | 0 | 1 | 0 | -5 | 0.00 | 0 | 0 | |
Beliefs | 0 | 0 | 1 | 0 | -5 | 0.00 | 0 | 0 |